Statistics for Pokémon names that end with R

Click here to take the quiz!

General Stats

  • This quiz has been taken 130 times
    (33 since last reset)
  • The average score is 34 of 75

Answer Stats

GenPokémon% Correct
IBulbasaur
82%
ICharmander
82%
IIPupitar
73%
IVenusaur
73%
IIvysaur
73%
IITyranitar
73%
VIFrogadier
64%
IMagmar
64%
IILarvitar
64%
IPinsir
55%
IGraveler
55%
IGrimer
55%
IScyther
55%
IHaunter
55%
VSerperior
55%
IIFeraligatr
55%
IVMagmortar
55%
IVRhyperior
55%
VIFletchinder
55%
IGengar
55%
VEmboar
55%
IVChimchar
55%
IIWooper
55%
VIIIncineroar
45%
IIIWhismur
45%
IIIPelipper
45%
VPansear
45%
VPanpour
45%
IVBronzor
45%
IIScizor
45%
VIMalamar
45%
VIClauncher
45%
IKingler
45%
ICloyster
45%
VConkeldurr
45%
VHerdier
45%
IVStaraptor
45%
IIISeviper
45%
VGurdurr
45%
IDragonair
45%
IVDusknoir
45%
IShellder
45%
VSimipour
45%
IIGligar
45%
VSimisear
45%
IIIGardevoir
45%
VTimburr
45%
IIIWailmer
36%
VIPyroar
36%
IVSnover
36%
IIStantler
36%
VAccelgor
36%
VDrilbur
36%
VIIMinior
36%
IVMime Jr.
36%
VIIBewear
36%
IIHoundour
36%
VHeatmor
36%
VIClawitzer
36%
IVGliscor
36%
IOmastar
36%
IExeggutor
36%
VIEspurr
36%
VEscavalier
36%
VIIIPerrserker
27%
VIICrabrawler
27%
VIIDewpider
27%
VIIIDottler
27%
VIIISpectrier
27%
VIITurtonator
27%
VIIIStonjourner
27%
VGarbodor
27%
VIIIGlastrier
27%
VIIIGossifleur
27%
VIIIYamper
27%

Score Distribution

Percentile by Number Answered

Percent of People with Each Score

Your Score History

You have not taken this quiz since the last reset